[Event "Ciutat de Sabadell op"]
[Site "?"]
[Date "2011.08.15"]
[Round "5"]
[White "Alarcon Casellas, R."]
[Black "Erlandsen, C."]
[Result "1-0"]
[WhiteElo "2453"]
[BlackElo "2090"]
[PlyCount "51"]
[EventDate "2011.??.??"]
[EventType "swiss"]
[Source "Chessbase"]
[SourceDate "2011.09.01"]

1. e4 e5 2. Nf3 d6 3. d4 Nf6 4. Nc3 Nbd7 5. g4 exd4 6. Qxd4 c5 7. Qa4 Be7 8. g5
Ng4 9. h3 Nge5 10. Nxe5 dxe5 11. Be3 O-O 12. O-O-O Bxg5 13. Bb5 a6 14. Bxd7 b5
15. Bxb5 axb5 16. Qxa8 Bxe3+ 17. fxe3 Qg5 18. Qd5 b4 19. Na4 Qxe3+ 20. Kb1 Be6
21. Qd3 Qf2 22. Rhf1 Qd4 23. Qf3 Qc4 24. b3 Qb5 25. Rd6 Qb8 26. Rxe6 1-0

[Event "Ciutat de Sabadell op"]
[Site "?"]
[Date "2011.08.15"]
[Round "5"]
[White "Alonso Moyano, J."]
[Black "Jaksland, T."]
[Result "1/2-1/2"]
[WhiteElo "2426"]
[BlackElo "2304"]
[PlyCount "96"]
[EventDate "2011.??.??"]
[EventType "swiss"]
[Source "Chessbase"]
[SourceDate "2011.09.01"]

1. e4 d5 2. exd5 Nf6 3. Bb5+ Bd7 4. Be2 Bf5 5. Nf3 Nxd5 6. d4 e6 7. O-O Be7 8.
a3 O-O 9. c4 Nf6 10. Nc3 Ne4 11. Qb3 Nc6 12. Be3 Na5 13. Qa4 Nxc3 14. bxc3 c5
15. Rfd1 Qc7 16. dxc5 e5 17. Rd5 Nc6 18. Rad1 Be6 19. Ng5 Bxg5 20. Bxg5 Rac8
21. Rd6 Qa5 22. Qxa5 Nxa5 23. Be7 Rfe8 24. Rd8 Rexd8 25. Rxd8+ Rxd8 26. Bxd8
Bxc4 27. Bf3 Nc6 28. Bc7 f6 29. Bg4 Bd5 30. g3 Kf7 31. f4 exf4 32. gxf4 g6 33.
Kf2 f5 34. Be2 Ke6 35. Ke3 Kd7 36. Bd6 Ke6 37. h4 Na5 38. Bf8 Nc6 39. h5 Na5
40. h6 Bc4 41. Bd1 Bb3 42. Bxb3+ Nxb3 43. c4 Na5 44. Kd3 Nc6 45. Bg7 Nd8 46.
Kd4 Nc6+ 47. Kd3 Nd8 48. Kd4 Nc6+ 1/2-1/2

[Event "Ciutat de Sabadell op"]
[Site "?"]
[Date "2011.08.15"]
[Round "5"]
[White "Delgado Ramos, H."]
[Black "Soumya, S."]
[Result "1-0"]
[WhiteElo "2488"]
[BlackElo "2338"]
[PlyCount "117"]
[EventDate "2011.??.??"]
[EventType "swiss"]
[Source "Chessbase"]
[SourceDate "2011.09.01"]

1. e4 c5 2. Nf3 d6 3. d4 cxd4 4. Nxd4 Nf6 5. Nc3 a6 6. Bc4 e6 7. Bb3 b5 8. f4
b4 9. Na4 Nxe4 10. O-O Nc5 11. f5 e5 12. Ne6 Nxe6 13. fxe6 Bxe6 14. Bxe6 fxe6
15. Qh5+ g6 16. Qg4 Nc6 17. Bg5 Be7 18. Qxe6 Ra7 19. Be3 Rb7 20. Rad1 Qd7 21.
Qf7+ Kd8 22. Nc5 dxc5 23. Rxd7+ Rxd7 24. Qc4 Kc7 25. Qxa6 Rf8 26. Re1 Rd5 27.
a3 bxa3 28. bxa3 Rfd8 29. Qc4 R8d7 30. a4 Rd1 31. Rxd1 Rxd1+ 32. Kf2 Ra1 33.
Bxc5 Bxc5+ 34. Qxc5 Rxa4 35. c4 Ra5 36. Qf8 Kb6 37. Qf7 Ra4 38. Qd5 Ra5 39. Qd6
Ra4 40. Qe6 Ra2+ 41. Kg3 Rc2 42. Qd5 Rc3+ 43. Kh4 Re3 44. Qb5+ Kc7 45. c5 Re4+
46. Kg5 Rb4 47. Qd3 Rd4 48. Qb3 Nd8 49. Kf6 e4 50. Qb6+ Kd7 51. Qb5+ Kc7 52.
Qb6+ Kd7 53. Qa7+ Kc6 54. Ke7 e3 55. Qb6+ Kd5 56. Qxd8+ Kc4 57. Qa8 Kxc5 58.
Qc8+ Kd5 59. Qe6+ 1-0

[Event "Ciutat de Sabadell op"]
[Site "?"]
[Date "2011.08.15"]
[Round "5"]
[White "Gomez Jurado, LA."]
[Black "Campos Olaya, I."]
[Result "1-0"]
[WhiteElo "2353"]
[BlackElo "2166"]
[PlyCount "77"]
[EventDate "2011.??.??"]
[EventType "swiss"]
[Source "Chessbase"]
[SourceDate "2011.09.01"]

1. c4 e5 2. g3 Nc6 3. Bg2 g6 4. Nc3 Bg7 5. Nf3 d6 6. O-O f5 7. Rb1 Nf6 8. d4
O-O 9. d5 Ne7 10. b4 a5 11. a3 axb4 12. axb4 f4 13. gxf4 exf4 14. Bxf4 Nh5 15.
Bd2 Nf5 16. Ne4 Nh6 17. Qc1 Ng4 18. h3 Ngf6 19. Neg5 Bf5 20. Ne6 Qe7 21. Nxf8
Bxb1 22. Ne6 Be4 23. Nxg7 Nxg7 24. Bg5 Qf7 25. Qc3 Nd7 26. Bc1 Qf6 27. Qxf6
Nxf6 28. Bb2 Nfh5 29. Bxg7 Kxg7 30. Nd4 Bf5 31. e4 Bd7 32. c5 Ra4 33. c6 bxc6
34. dxc6 Be8 35. Rb1 Kf7 36. e5 dxe5 37. Nb5 Ra6 38. Nxc7 Rb6 39. b5 1-0

[Event "Ciutat de Sabadell op"]
[Site "?"]
[Date "2011.08.15"]
[Round "5"]
[White "Iturrizaga Bonelli, E."]
[Black "Perez Mitjans, O."]
[Result "1-0"]
[WhiteElo "2603"]
[BlackElo "2452"]
[PlyCount "104"]
[EventDate "2011.??.??"]
[EventType "swiss"]
[Source "Chessbase"]
[SourceDate "2011.09.01"]

1. d4 Nf6 2. Nf3 g6 3. g3 Bg7 4. Bg2 c5 5. c3 O-O 6. O-O d6 7. Re1 Nc6 8. d5
Na5 9. e4 Bg4 10. Nbd2 Nd7 11. h3 Bxf3 12. Nxf3 b5 13. Bf4 b4 14. cxb4 cxb4 15.
e5 Nc4 16. exd6 exd6 17. Qb3 Nce5 18. Bxe5 Nxe5 19. Nd4 a5 20. Nc6 Qb6 21. a4
Nd7 22. Bf1 Nc5 23. Qc2 Rfe8 24. Bb5 b3 25. Qd2 Ne4 26. Qe3 Qxe3 27. Rxe3 Bxb2
28. Rb1 Ba3 29. Nd4 Re5 30. Nxb3 Bb4 31. Rc1 Ra7 32. Rc8+ Kg7 33. Bc6 Nd2 34.
Rxe5 Nf3+ 35. Kg2 Nxe5 36. Bb5 Nd7 37. Bxd7 Rxd7 38. Ra8 Rc7 39. Nxa5 Bxa5 40.
Rxa5 Kf6 41. Rb5 Ke5 42. a5 Rc2 43. Rb7 f5 44. Rxh7 Ra2 45. Rg7 Rxa5 46. Rxg6
Kxd5 47. g4 Ke5 48. Rg5 Kf6 49. Rxf5+ Rxf5 50. gxf5 Kxf5 51. Kf3 Kg5 52. Ke4
Kf6 1-0

[Event "Ciutat de Sabadell op"]
[Site "?"]
[Date "2011.08.15"]
[Round "5"]
[White "Narciso Dublan, M."]
[Black "Camacho Collados, M."]
[Result "1-0"]
[WhiteElo "2544"]
[BlackElo "2404"]
[PlyCount "141"]
[EventDate "2011.??.??"]
[EventType "swiss"]
[Source "Chessbase"]
[SourceDate "2011.09.01"]

1. c4 g6 2. e4 Bg7 3. d4 d6 4. Nc3 Nf6 5. Be2 O-O 6. Nf3 Na6 7. Bf4 Nh5 8. Bg5
h6 9. Be3 e5 10. Qd2 Kh7 11. O-O Qe8 12. Rad1 Nf6 13. dxe5 dxe5 14. c5 c6 15.
Bxa6 bxa6 16. Qe2 Rb8 17. Rd6 Nh5 18. Re1 f6 19. b3 Rf7 20. Nd2 a5 21. Nc4 Ba6
22. Na4 Bf8 23. Rdd1 Qe6 24. Nab2 a4 25. Qc2 axb3 26. axb3 Nf4 27. Bxf4 exf4
28. e5 Bxc5 29. exf6 Qf5 30. Qxf5 gxf5 31. Ne5 Rxb3 32. Na4 Bxf2+ 33. Kxf2 Rxf6
34. Rd7+ Kg8 35. Nc5 Rb2+ 36. Kg1 Bb5 37. Rxa7 Rc2 38. Ra8+ Kg7 39. Ra7+ Kg8
40. Nb3 Rd6 41. Nc4 Rd8 42. Na3 Rc3 43. Nxb5 cxb5 44. Nd4 Re3 45. Nf3 b4 46.
Rb7 b3 47. Kf1 Rdd3 48. Ra1 Rd8 49. Rb1 Rdd3 50. Rb5 Rc3 51. Nd4 Red3 52. Nxf5
f3 53. gxf3 Rxf3+ 54. Kg2 Rfd3 55. Rb2 Kh7 56. Ng3 Re3 57. Kf2 Kg6 58. Ne2 Rf3+
59. Kg2 Rce3 60. Nd4 Rf4 61. R5xb3 Rg4+ 62. Kf2 Rxb3 63. Nxb3 Kg5 64. Nd2 Kh4
65. Rb3 Rg8 66. Nf3+ Kh5 67. Rb5+ Kg6 68. Kg3 Ra8 69. Ne5+ Kg7 70. Rb7+ Kf6 71.
Ng4+ 1-0

[Event "Ciutat de Sabadell op"]
[Site "?"]
[Date "2011.08.15"]
[Round "5"]
[White "Perpinya Rofes, LM."]
[Black "Muñoz Pantoja, M."]
[Result "1/2-1/2"]
[WhiteElo "2395"]
[BlackElo "2482"]
[PlyCount "125"]
[EventDate "2011.??.??"]
[EventType "swiss"]
[Source "Chessbase"]
[SourceDate "2011.09.01"]

1. e4 c5 2. Nf3 Nc6 3. d4 cxd4 4. Nxd4 Nf6 5. Nc3 e5 6. Ndb5 d6 7. Nd5 Nxd5 8.
exd5 Nb8 9. c4 Be7 10. Be2 a6 11. Nc3 O-O 12. O-O f5 13. f4 Bf6 14. Kh1 Nd7 15.
Be3 b6 16. Rc1 exf4 17. Bxf4 Ne5 18. b4 Ng6 19. Be3 Be5 20. Na4 Rb8 21. Bg1 b5
22. cxb5 axb5 23. Nb6 Rxb6 24. Rxc8 Qxc8 25. Bxb6 Qb7 26. Bg1 Ra8 27. Qd3 Rxa2
28. Qxf5 Nf4 29. Rc1 Ra8 30. Bf3 Rf8 31. Qc2 Qf7 32. Be4 g6 33. Rf1 Qe7 34. Be3
Ne6 35. Rxf8+ Nxf8 36. g3 Bc3 37. Bg5 Qf7 38. Kg2 Bxb4 39. Qb3 Bc5 40. Qxb5 Bd4
41. Bf4 Qe7 42. Qd3 Be5 43. Bh6 Nd7 44. Qf3 Bf6 45. Qg4 Kf7 46. h4 Ne5 47. Qc8
Qe8 48. Qc7+ Qd7 49. Qxd7+ Nxd7 50. Bd2 Kg7 51. Bf3 Nb6 52. Bf4 Be5 53. Bg5 h6
54. Be3 Nc4 55. Bc1 Bf6 56. Bg4 g5 57. hxg5 Bxg5 58. Be2 Nb6 59. Ba3 Be7 60.
Bf3 Nc4 61. Bc1 Kg6 62. Be4+ Kg7 63. Bf3 1/2-1/2

[Event "Ciutat de Sabadell op"]
[Site "?"]
[Date "2011.08.15"]
[Round "6"]
[White "Camacho Collados, M."]
[Black "Randazzo, A."]
[Result "1-0"]
[WhiteElo "2404"]
[BlackElo "2226"]
[PlyCount "227"]
[EventDate "2011.??.??"]
[EventType "swiss"]
[Source "Chessbase"]
[SourceDate "2011.09.01"]

1. e4 c5 2. Nf3 d6 3. d4 cxd4 4. Nxd4 Nf6 5. Nc3 a6 6. Be2 e5 7. Nb3 Be7 8. O-O
O-O 9. Re1 Be6 10. Bf1 Nbd7 11. Nd5 Nxd5 12. exd5 Bf5 13. a4 a5 14. c3 Bg5 15.
Bxg5 Qxg5 16. Nd2 Qg6 17. Nc4 Bc2 18. Qf3 Nc5 19. Nb6 Ra7 20. Qe3 Qe4 21. Qxe4
Bxe4 22. b4 axb4 23. cxb4 Nb3 24. Ra3 Bc2 25. Ra2 Bf5 26. Rb2 Nd4 27. Rc1 h5
28. Rc3 h4 29. Rd2 h3 30. gxh3 g5 31. Kg2 Kg7 32. Bd3 Rh8 33. Bxf5 Nxf5 34. Kf1
Rh4 35. Rb2 Kg6 36. a5 f6 37. Ke2 Nd4+ 38. Kd1 Nb5 39. Rd3 f5 40. Ke1 f4 41.
Kf1 e4 42. Rdb3 f3 43. Re3 Kf5 44. Rd2 Rxh3 45. Kg1 Rh5 46. Re1 Rh7 47. Rc2 Nd4
48. Rc8 Ne2+ 49. Kh1 Rh4 50. Nc4 b5 51. Ne3+ Kf6 52. Rd8 Kg7 53. Re8 Kf7 54.
Re6 Kf8 55. Rf6+ Ke8 56. Re6+ Kf8 57. Rf6+ Ke8 58. Nf5 Rhh7 59. Nxd6+ Kd8 60.
Nf5 Raf7 61. Rxf7 Rxf7 62. Ng3 Nc3 63. d6 Rd7 64. Nxe4 Nxe4 65. Rxe4 Rxd6 66.
h4 gxh4 67. Rxh4 Kc7 68. Rf4 Rd3 69. Kh2 Rb3 70. Rd4 Kc6 71. Kg3 Ra3 72. Kf4
Rb3 73. Ke4 Rc3 74. Rd3 Rc4+ 75. Rd4 Rc3 76. Kf4 Rb3 77. Kg3 Kc7 78. Rf4 Kc6
79. Kg4 Kc7 80. Kf5 Rb2 81. Rxf3 Rxb4 82. Re3 Ra4 83. Re7+ Kb8 84. f4 Rxa5 85.
Re5 Kc7 86. Kf6 Kd8 87. f5 Ra6+ 88. Kf7 Rb6 89. f6 Kd7 90. Re7+ Kd8 91. Kg7 b4
92. Re1 Kd7 93. f7 Rb8 94. Re5 Kd6 95. Rf5 Ke6 96. Rf4 Kd5 97. Rxb4 Rxb4 98.
f8=Q Rg4+ 99. Kh6 Re4 100. Qd8+ Kc4 101. Kg5 Rd4 102. Qc7+ Kd3 103. Kf5 Rc4
104. Qd6+ Kc3 105. Ke5 Kb3 106. Qd3+ Rc3 107. Qb5+ Ka2 108. Kd4 Rb3 109. Qe2+
Ka3 110. Qd2 Rb2 111. Qa5+ Kb3 112. Kd3 Ra2 113. Qb5+ Ka3 114. Kc3 1-0

[Event "Ciutat de Sabadell op"]
[Site "?"]
[Date "2011.08.15"]
[Round "6"]
[White "Cordova Daza, E."]
[Black "Alarcon Casellas, R."]
[Result "1-0"]
[WhiteElo "2567"]
[BlackElo "2453"]
[PlyCount "64"]
[EventDate "2011.??.??"]
[EventType "swiss"]
[Source "Chessbase"]
[SourceDate "2011.09.01"]

1. d4 d5 2. Nf3 Nf6 3. c4 c6 4. e3 Bf5 5. Nc3 e6 6. Nh4 Be4 7. f3 Bg6 8. Qb3
Qb6 9. Nxg6 hxg6 10. Bd2 Nbd7 11. Be2 Bd6 12. f4 Qxb3 13. axb3 a6 14. Bf3 Ke7
15. e4 dxe4 16. Nxe4 Nxe4 17. Bxe4 g5 18. fxg5 Rh4 19. Bf3 Rxd4 20. Bc3 Rh4 21.
g3 Rh7 22. O-O-O Rah8 23. Rd2 Nc5 24. Kc2 Bxg3 25. b4 Na4 26. hxg3 Rxh1 27.
Bxg7 R1h2 28. Bf6+ Kf8 29. Be2 Rxe2 30. Rxe2 Rh5 31. Rd2 Kg8 32. g4 Rh8 1-0

[Event "Ciutat de Sabadell op"]
[Site "?"]
[Date "2011.08.15"]
[Round "6"]
[White "Erlandsen, C."]
[Black "Gomez Jurado, LA."]
[Result "1/2-1/2"]
[WhiteElo "2090"]
[BlackElo "2353"]
[PlyCount "79"]
[EventDate "2011.??.??"]
[EventType "swiss"]
[Source "Chessbase"]
[SourceDate "2011.09.01"]

1. d4 d5 2. c4 c6 3. Nc3 Nf6 4. Bg5 e6 5. e3 h6 6. Bh4 Bb4 7. Qb3 a5 8. a3 Be7
9. Nf3 Nbd7 10. Rd1 O-O 11. Ne5 Nxe5 12. dxe5 Nd7 13. Bxe7 Qxe7 14. f4 Nc5 15.
Qc2 a4 16. Be2 b6 17. O-O Ba6 18. cxd5 exd5 19. Bxa6 Rxa6 20. e4 dxe4 21. Nxe4
Nxe4 22. Qxe4 Qc5+ 23. Kh1 Raa8 24. Rd6 Qb5 25. Rf2 Rad8 26. Qd4 c5 27. Qd1 Rc8
28. h3 c4 29. Qd4 Rc5 30. Rd2 c3 31. bxc3 Qf1+ 32. Kh2 Rc4 33. Rf2 Rxd4 34.
Rxf1 Rc4 35. Rf3 Rfc8 36. Rxb6 Rxc3 37. Rb4 R3c4 38. Rxc4 Rxc4 39. g3 Rc2+ 40.
Kg1 1/2-1/2

[Event "Ciutat de Sabadell op"]
[Site "?"]
[Date "2011.08.15"]
[Round "6"]
[White "Gonzalez Vidal, Y."]
[Black "Delgado Ramos, H."]
[Result "1-0"]
[WhiteElo "2503"]
[BlackElo "2488"]
[PlyCount "43"]
[EventDate "2011.??.??"]
[EventType "swiss"]
[Source "Chessbase"]
[SourceDate "2011.09.01"]

1. e4 c5 2. Nf3 d6 3. d4 cxd4 4. Nxd4 Nf6 5. Nc3 g6 6. Be3 Bg7 7. f3 O-O 8. Qd2
Nc6 9. Bc4 Bd7 10. O-O-O Rc8 11. Bb3 Ne5 12. h4 h5 13. Bh6 Bxh6 14. Qxh6 Rxc3
15. bxc3 Qc8 16. g4 hxg4 17. f4 Qxc3 18. Kb1 Nc4 19. Bxc4 Qxc4 20. h5 Qb4+ 21.
Nb3 Be8 22. e5 1-0

[Event "Ciutat de Sabadell op"]
[Site "?"]
[Date "2011.08.15"]
[Round "6"]
[White "Jaksland, T."]
[Black "Jimenez Fraga, PA."]
[Result "0-1"]
[WhiteElo "2304"]
[BlackElo "2464"]
[PlyCount "56"]
[EventDate "2011.??.??"]
[EventType "swiss"]
[Source "Chessbase"]
[SourceDate "2011.09.01"]

1. e4 c5 2. Nc3 d6 3. f4 a6 4. Nf3 Nc6 5. g3 Bg4 6. Bg2 e6 7. d3 g6 8. h3 Bxf3
9. Bxf3 Bg7 10. O-O Nge7 11. Bd2 Qc7 12. Rb1 O-O 13. g4 f5 14. Ne2 d5 15. exf5
gxf5 16. Qe1 Rfe8 17. Ng3 Nd4 18. Bg2 Nxc2 19. Qxe6+ Kh8 20. Bc3 d4 21. Bd2 Ne3
22. Bxe3 dxe3 23. Nh5 Bd4 24. Kh1 Ng6 25. Qd5 e2 26. Rfc1 Nxf4 27. Qxb7 Qxb7
28. Bxb7 Nxd3 0-1

[Event "Ciutat de Sabadell op"]
[Site "?"]
[Date "2011.08.15"]
[Round "6"]
[White "Muñoz Pantoja, M."]
[Black "Narciso Dublan, M."]
[Result "1/2-1/2"]
[WhiteElo "2482"]
[BlackElo "2544"]
[PlyCount "53"]
[EventDate "2011.??.??"]
[EventType "swiss"]
[Source "Chessbase"]
[SourceDate "2011.09.01"]

1. e4 e5 2. Nf3 Nc6 3. Bb5 a6 4. Ba4 Nf6 5. Bxc6 dxc6 6. d3 Nd7 7. O-O Be7 8.
b3 O-O 9. Bb2 f6 10. d4 exd4 11. Bxd4 Nc5 12. Qe2 Ne6 13. Be3 Qe8 14. Nbd2 Qf7
15. Rfd1 Re8 16. Nf1 Bd6 17. Nd4 Nxd4 18. Bxd4 Re7 19. f3 Be6 20. Qf2 Rae8 21.
Bc5 Bxc5 22. Qxc5 f5 23. Ng3 fxe4 24. Nxe4 Bf5 25. Ng3 Bc8 26. Kf2 h6 27. Re1
1/2-1/2

[Event "Ciutat de Sabadell op"]
[Site "?"]
[Date "2011.08.15"]
[Round "6"]
[White "Vega Gutierrez, S."]
[Black "Alonso Moyano, J."]
[Result "1/2-1/2"]
[WhiteElo "2285"]
[BlackElo "2426"]
[PlyCount "150"]
[EventDate "2011.??.??"]
[EventType "swiss"]
[Source "Chessbase"]
[SourceDate "2011.09.01"]

1. e4 c5 2. Nf3 d6 3. d4 cxd4 4. Nxd4 Nf6 5. Nc3 a6 6. Be2 e5 7. Nb3 Be7 8. O-O
O-O 9. a4 Nc6 10. Bf3 Nb4 11. Re1 Be6 12. Be3 Rc8 13. Re2 b6 14. Rd2 Qc7 15.
Nc1 Rfd8 16. N1a2 Nxa2 17. Nxa2 Qb7 18. Nc3 h6 19. Nd5 Nxd5 20. exd5 Bd7 21. g4
Bf8 22. Qf1 f5 23. gxf5 Bxf5 24. c3 Be7 25. Be2 a5 26. Qg2 Kh7 27. Kh1 Rg8 28.
Rg1 Rcf8 29. Bg4 Bxg4 30. Qxg4 Rf6 31. Qe4+ g6 32. f3 Bd8 33. Rdg2 Qd7 34. Qh4
Rf4 35. Qf2 Rf6 36. Bxb6 Qxa4 37. Rg4 Qd7 38. Bxd8 Rxd8 39. Qc2 Qf7 40. Qe4 Rg8
41. R1g3 Rf4 42. Rxf4 exf4 43. Rg4 Rf8 44. c4 h5 45. Rg2 Re8 46. Qd4 Re1+ 47.
Rg1 Re3 48. Rf1 Qf5 49. Qa7+ Kh6 50. Qb8 Qf6 51. b3 Re2 52. Qc8 Re3 53. Qb8 g5
54. Qb7 g4 55. fxg4 hxg4 56. Qc8 Kh5 57. Rg1 Qg6 58. Qh8+ Kg5 59. Qd8+ Kf5 60.
Qc8+ Ke5 61. Qxg4 Qe4+ 62. Qg2 Rxb3 63. Qxe4+ Kxe4 64. Ra1 f3 65. Kg1 Ke3 66.
Re1+ Kf4 67. Ra1 Rb2 68. Rxa5 Rg2+ 69. Kf1 Rxh2 70. Ra8 Rc2 71. Re8 Rxc4 72.
Re6 Rc1+ 73. Kf2 Rc2+ 74. Kf1 Rd2 75. Rxd6 Ke5 1/2-1/2

[Event "Ciutat de Sabadell op"]
[Site "?"]
[Date "2011.08.16"]
[Round "7"]
[White "Delgado Ramos, H."]
[Black "Pulvett, D."]
[Result "1/2-1/2"]
[WhiteElo "2488"]
[BlackElo "2303"]
[PlyCount "51"]
[EventDate "2011.??.??"]
[EventType "swiss"]
[Source "Chessbase"]
[SourceDate "2011.09.01"]

1. d4 Nf6 2. c4 g6 3. Nc3 d5 4. Bg5 Ne4 5. Bh4 Nxc3 6. bxc3 Bg7 7. e3 c5 8.
cxd5 Qxd5 9. Nf3 cxd4 10. cxd4 Nc6 11. Be2 e5 12. dxe5 Qa5+ 13. Qd2 Qxd2+ 14.
Kxd2 Nxe5 15. Nxe5 Bxe5 16. Rab1 O-O 17. Rb5 Bg7 18. Bf3 Bh6 19. Rc1 Bd7 20.
Rb2 Rac8 21. Rxc8 Rxc8 22. Ke2 Rc4 23. Bg3 Bc6 24. Kd3 Rc1 25. Bxc6 Rxc6 26.
Kd4 1/2-1/2

[Event "Ciutat de Sabadell op"]
[Site "?"]
[Date "2011.08.16"]
[Round "7"]
[White "Gomez Jurado, LA."]
[Black "Vega Gutierrez, B."]
[Result "1/2-1/2"]
[WhiteElo "2353"]
[BlackElo "2227"]
[PlyCount "92"]
[EventDate "2011.??.??"]
[EventType "swiss"]
[Source "Chessbase"]
[SourceDate "2011.09.01"]

1. c4 e6 2. g3 d5 3. Bg2 Nf6 4. Nf3 c6 5. O-O dxc4 6. a4 Na6 7. Ne5 Qd4 8. Nf3
Qd5 9. Nc3 Qa5 10. b3 cxb3 11. Qxb3 Be7 12. Ba3 Bxa3 13. Qxa3 Qc5 14. Rfb1 O-O
15. d4 Qxa3 16. Rxa3 Rd8 17. e3 Nc7 18. Ne5 Ncd5 19. a5 Nxc3 20. Rxc3 Nd5 21.
Rcb3 f6 22. Nd3 Rb8 23. Nc5 b5 24. axb6 axb6 25. Bxd5 exd5 26. Rxb6 Rxb6 27.
Rxb6 Bh3 28. Na6 Rc8 29. f3 h5 30. Kf2 Kf7 31. Rb7+ Kg6 32. Rb8 Kf7 33. Rxc8
Bxc8 34. Nb4 Bd7 35. Ke2 Ke7 36. Nd3 Kd6 37. Nc5 Bh3 38. Kf2 Bf5 39. e4 dxe4
40. fxe4 Bg4 41. Ke3 Bh3 42. Nd3 g5 43. Kf2 Bc8 44. h4 gxh4 45. gxh4 c5 46.
dxc5+ Kc6 1/2-1/2

[Event "Ciutat de Sabadell op"]
[Site "?"]
[Date "2011.08.16"]
[Round "7"]
[White "Gonzalez Vidal, Y."]
[Black "Cordova Daza, E."]
[Result "1/2-1/2"]
[WhiteElo "2503"]
[BlackElo "2567"]
[PlyCount "25"]
[EventDate "2011.??.??"]
[EventType "swiss"]
[Source "Chessbase"]
[SourceDate "2011.09.01"]

1. e4 e6 2. d4 d5 3. Nd2 dxe4 4. Nxe4 Nd7 5. Nf3 Ngf6 6. Nxf6+ Nxf6 7. c3 c5 8.
Ne5 a6 9. Be3 cxd4 10. Qxd4 Qxd4 11. Bxd4 Nd7 12. Be2 Nxe5 13. Bxe5 1/2-1/2

[Event "Ciutat de Sabadell op"]
[Site "?"]
[Date "2011.08.16"]
[Round "7"]
[White "Iturrizaga Bonelli, E."]
[Black "Almeida Quintana, O."]
[Result "1/2-1/2"]
[WhiteElo "2603"]
[BlackElo "2548"]
[PlyCount "21"]
[EventDate "2011.??.??"]
[EventType "swiss"]
[Source "Chessbase"]
[SourceDate "2011.09.01"]

1. d4 g6 2. c4 Bg7 3. Nc3 d6 4. g3 Nf6 5. Bg2 c6 6. Nf3 O-O 7. O-O Qa5 8. e4 e5
9. h3 exd4 10. Nxd4 Nbd7 11. Re1 1/2-1/2

[Event "Ciutat de Sabadell op"]
[Site "?"]
[Date "2011.08.16"]
[Round "7"]
[White "Narciso Dublan, M."]
[Black "Moskalenko, V."]
[Result "1/2-1/2"]
[WhiteElo "2544"]
[BlackElo "2591"]
[PlyCount "82"]
[EventDate "2011.??.??"]
[EventType "swiss"]
[Source "Chessbase"]
[SourceDate "2011.09.01"]

1. c4 e6 2. Nc3 d5 3. d4 a6 4. e4 dxe4 5. Nxe4 Bb4+ 6. Nc3 c5 7. a3 Bxc3+ 8.
bxc3 Nf6 9. Nf3 Qa5 10. Bd2 Ne4 11. Bd3 Nxd2 12. Qxd2 Nd7 13. O-O cxd4 14. cxd4
Qxd2 15. Nxd2 b6 16. Rfc1 Ke7 17. c5 bxc5 18. dxc5 Ra7 19. Nb3 Rc7 20. Be4 Ne5
21. f4 Nc6 22. Bxc6 Rxc6 23. Rc4 Rd8 24. Rac1 Rc7 25. Na5 Rd5 26. Nb3 Bd7 27.
Kf2 Bc6 28. Rb4 Rd3 29. Ke2 Rd8 30. Rc3 Bd5 31. Rb6 Bxg2 32. Rxa6 Rdc8 33. Ra5
Bd5 34. Nd4 h6 35. h4 g6 36. Nc2 g5 37. fxg5 hxg5 38. hxg5 Rg8 39. Rg3 Rgc8 40.
Rc3 Rg8 41. Rg3 Rgc8 1/2-1/2

[Event "Ciutat de Sabadell op"]
[Site "?"]
[Date "2011.08.16"]
[Round "7"]
[White "Perpinya Rofes, LM."]
[Black "Vega Gutierrez, S."]
[Result "1-0"]
[WhiteElo "2395"]
[BlackElo "2285"]
[PlyCount "65"]
[EventDate "2011.??.??"]
[EventType "swiss"]
[Source "Chessbase"]
[SourceDate "2011.09.01"]

1. e4 c5 2. Nc3 Nc6 3. f4 a6 4. Nf3 b5 5. d4 cxd4 6. Nxd4 Bb7 7. Nxc6 Bxc6 8.
Bd3 e6 9. Qe2 b4 10. Nd5 Nf6 11. Nxf6+ Qxf6 12. O-O Bc5+ 13. Kh1 O-O 14. e5 Qh4
15. f5 exf5 16. Rxf5 Bb5 17. Bxb5 axb5 18. Bg5 Qc4 19. Qxc4 bxc4 20. e6 fxe6
21. Rxc5 Rxa2 22. Rd1 d5 23. Be7 Rfa8 24. Rf1 Rxb2 25. Ra5 Re8 26. Ra7 Rxc2 27.
Bd6 Re2 28. h3 Kh8 29. Bf8 e5 30. Bxg7+ Kg8 31. Bh6 b3 32. Rg7+ Kh8 33. Rff7
1-0

[Event "Ciutat de Sabadell op"]
[Site "?"]
[Date "2011.08.17"]
[Round "8"]
[White "Almeida Quintana, O."]
[Black "Jimenez Fraga, PA."]
[Result "1-0"]
[WhiteElo "2548"]
[BlackElo "2464"]
[PlyCount "47"]
[EventDate "2011.??.??"]
[EventType "swiss"]
[Source "Chessbase"]
[SourceDate "2011.09.01"]

1. d4 Nf6 2. c4 g6 3. Nc3 d5 4. e3 c6 5. Nf3 Bg7 6. h3 O-O 7. Bd3 c5 8. O-O
cxd4 9. exd4 Nc6 10. a3 dxc4 11. Bxc4 Bf5 12. Re1 Rc8 13. Ba2 Na5 14. Qe2 Qb6
15. Bg5 Rfe8 16. Ne5 Rf8 17. g4 Rxc3 18. bxc3 Be6 19. Rab1 Qd6 20. Bxe6 Qxe6
21. Qb5 Qd5 22. Bxf6 Qxb5 23. Rxb5 exf6 24. Nd7 1-0

[Event "Ciutat de Sabadell op"]
[Site "?"]
[Date "2011.08.17"]
[Round "8"]
[White "Camacho Collados, M."]
[Black "Jaksland, T."]
[Result "1/2-1/2"]
[WhiteElo "2404"]
[BlackElo "2304"]
[PlyCount "91"]
[EventDate "2011.??.??"]
[EventType "swiss"]
[Source "Chessbase"]
[SourceDate "2011.09.01"]

1. c4 Nf6 2. Nc3 Nc6 3. g3 g6 4. Bg2 Bg7 5. e4 O-O 6. Nge2 d6 7. O-O Bd7 8. h3
a6 9. d4 Qc8 10. Kh2 e5 11. d5 Nd4 12. Be3 Nxe2 13. Qxe2 b5 14. cxb5 axb5 15.
Nxb5 Qa6 16. Nc3 Qxe2 17. Nxe2 Rfb8 18. Rfb1 c5 19. dxc6 Bxc6 20. Nc3 Rb4 21.
a3 Rb3 22. Rd1 Bf8 23. Rd2 Rab8 24. Rc1 Kg7 25. Rcc2 h6 26. Kg1 Bd7 27. Ne2 d5
28. exd5 Bf5 29. Rc6 Rxb2 30. Nc3 Rxd2 31. Bxd2 Bxa3 32. Bxh6+ Kxh6 33. Rxf6
Kg7 34. Rc6 Bb2 35. g4 Bd7 36. Rc7 Rc8 37. Rxc8 Bxc8 38. Nb5 Bd7 39. Nd6 f5 40.
g5 Bd4 41. Bf1 e4 42. Bb5 Bc5 43. Nb7 Bxf2+ 44. Kxf2 Bxb5 45. Nc5 Kf7 46. Na6
1/2-1/2

[Event "Ciutat de Sabadell op"]
[Site "?"]
[Date "2011.08.17"]
[Round "8"]
[White "Iturrizaga Bonelli, E."]
[Black "Gonzalez Vidal, Y."]
[Result "1/2-1/2"]
[WhiteElo "2603"]
[BlackElo "2503"]
[PlyCount "97"]
[EventDate "2011.??.??"]
[EventType "swiss"]
[Source "Chessbase"]
[SourceDate "2011.09.01"]

1. c4 c5 2. Nf3 Nc6 3. d4 cxd4 4. Nxd4 Nf6 5. Nc3 e6 6. a3 Be7 7. e4 O-O 8. Nf3
d6 9. Be2 b6 10. O-O Bb7 11. Bf4 a6 12. Rc1 Ne5 13. Nxe5 dxe5 14. Bxe5 Nxe4 15.
Nxe4 Bxe4 16. Qb3 Bd6 17. Qg3 Bxe5 18. Qxe5 Bc6 19. Rfd1 Qb8 20. Rd6 Qb7 21.
Rc3 Rad8 22. Rg3 g6 23. Rxd8 Rxd8 24. h4 Qb8 25. Qg5 Rd4 26. h5 Qd6 27. hxg6
hxg6 28. Rh3 e5 29. Qh6 Qf6 30. Qh7+ Kf8 31. Qh8+ Qxh8 32. Rxh8+ Ke7 33. Rb8
Rd2 34. Rxb6 Rxe2 35. Rxc6 Rxb2 36. Rxa6 Rc2 37. Ra4 Kd6 38. Rb4 Ra2 39. a4 Kc5
40. Rb5+ Kxc4 41. Rxe5 Rxa4 42. Re4+ Kb5 43. Re7 Rf4 44. g3 Rf6 45. f4 Kc6 46.
Kg2 Kd6 47. Ra7 Ke6 48. Kf3 Rf5 49. Ra6+ 1/2-1/2

[Event "Ciutat de Sabadell op"]
[Site "?"]
[Date "2011.08.17"]
[Round "8"]
[White "Muñoz Pantoja, M."]
[Black "Alonso Moyano, J."]
[Result "1/2-1/2"]
[WhiteElo "2482"]
[BlackElo "2426"]
[PlyCount "36"]
[EventDate "2011.??.??"]
[EventType "swiss"]
[Source "Chessbase"]
[SourceDate "2011.09.01"]

1. e4 c5 2. Nf3 d6 3. Bb5+ Nd7 4. c4 Ngf6 5. Nc3 g6 6. O-O Bg7 7. d4 cxd4 8.
Nxd4 O-O 9. Bxd7 Bxd7 10. b3 a6 11. a4 b5 12. axb5 axb5 13. Rxa8 Qxa8 14. Ndxb5
Bxb5 15. Nxb5 Nxe4 16. Re1 Be5 17. Be3 Nc3 18. Nxc3 Bxc3 1/2-1/2